The international plant propagators' society

Bewaard in:
Bibliografische gegevens
Formaat: Boek
Taal:Undetermined
Gepubliceerd in: The international plant propagators' society 2000
Onderwerpen:
Tags: Voeg label toe
Geen labels, Wees de eerste die dit record labelt!
Thư viện lưu trữ: Trung tâm Học liệu Trường Đại học Cần Thơ
LEADER 00463nam a2200145Ia 4500
001 CTU_168062
008 210402s9999 xx 000 0 und d
082 |a 631.5 
082 |b I.61 
245 4 |a The international plant propagators' society 
260 |b The international plant propagators' society 
260 |c 2000 
650 |a Plant propagation,Nhân giống cây trồng 
910 |a Nguyên 
980 |a Trung tâm Học liệu Trường Đại học Cần Thơ